| 000 | 00548nam a2200193Ia 4500 | ||
|---|---|---|---|
| 008 | 191130s1995##################000#0#eng## | ||
| 020 | _a9780195671919 | ||
| 040 |
_aACL _cACL |
||
| 082 | _a320 MIN | ||
| 100 | _aMinogue, Kenneth R | ||
| 245 |
_aPolitics : a very short introduction _cKenneth Minogue |
||
| 260 |
_aOxford _bOxford University Press _cc1995 |
||
| 300 | _a118 p. ; 18 cm | ||
| 500 | _aIncludes index | ||
| 650 | _aPolitical science | ||
| 990 | _a80314b36ac10000c4ca0a942aef14388 | ||
| 991 | _a193715 | ||
| 999 |
_c281228 _d281228 |
||